| 000 | 01721 a2200229 4500 | ||
|---|---|---|---|
| 001 | 116 | ||
| 005 | 20260407155412.0 | ||
| 008 | 260407a2001 arg spa d | ||
| 003 | AR-UNSa-BCEJYS | ||
| 040 |
_aAR-UNSa-BCEJYS _bspa _cAR-UNSa-BCEJYS |
||
| 080 |
_a347.72 _xSociedades comerciales |
||
| 245 | 1 | 0 | _aDerecho de las sociedades comerciales |
| 020 | _a950-20-1352-2 | ||
| 250 | _a9a. ed. | ||
| 264 | 1 |
_aBuenos Aires : _bAbeledo Perrot _c2001 |
|
| 300 |
_a766 p. _c23 cm. |
||
| 505 | _a1. La sociedad comercial 2. La naturaleza jurídica de la sociedad comercial 3. La personalidad jurídica de las sociedades comerciales 4. Conceptos y elementos de la sociedad comercial 5. Constitución de la sociedad 6. De los socios 7. De la administración y representación de la sociedad 8. De la documentación y la contabilidad 9. Transformación, fusión y escisión 10. Resolución parcial, disolución y liquidación 11. De la sociedad constituida en el extranjero 12. De las sociedades en particular. Sociedades personales 13. De la sociedad de responsabilidad limitada 14. La sociedad anónima 15. La sociedad anónima (continuación) 16. La sociedad anónima (continuación)17. De los accionistas: derechos y obligaciones 18. De las obligaciones o debentures 19. De las sociedades en comandita por acciones 20. Las agrupaciones entre sociedades y empresas 21. De la sociedad civil 22. Cooperativas 23. Sociedades comerciales especiales 24. La nominatividad de las acciones | ||
| 942 | _cBK | ||
| 590 | _aniveau_biblio:m niveau_hierar:0 | ||
| 100 | 1 | _aVillegas, Carlos Gilberto | |
| 856 | 4 | 1 |
_uhttps://biblioeco.unsa.edu.ar/pmb/images/libros/Derecho de las Sociedades Comerciales-l87870.jpg _yImagen de portada _qimage/jpeg |
| 999 |
_c89 _d89 |
||